Solomon Islands vs. Marshall Islands - Click Quiz - Statistics

General Stats
  • This quiz has been taken 25 times
  • The average score is 14 of 22
Answer Stats
Hint Answer % Correct
World's first hydrogen bomb was tested here in 1952 Marshall Islands
92%
Named for a Biblical king Solomon Islands
85%
Named for an explorer Marshall Islands
77%
Capital: Honiara Solomon Islands
77%
Has a population of approximately 42,000 people Marshall Islands
69%
Government operates under a constitutional monarchy and parliamentary system Solomon Islands
69%
Has a population of approximately 700,000 people Solomon Islands
69%
Land area is 11,000 square miles Solomon Islands
69%
Is the only country to use its currency (named for the country) Solomon Islands
69%
Was a part of the British empire until its independence in 1978 Solomon Islands
69%
Settled by Micronesians in the 2nd millennium BC Marshall Islands
62%
Capital: Majuro Marshall Islands
62%
Government operates under a mixed parliamentary-presidential system Marshall Islands
62%
Uses the United States Dollar as its currency Marshall Islands
62%
Settled by people coming from the Bismarck Islands and New Guinea 30,000–28,000 BCE Solomon Islands
62%
First visited by the Spanish (Álvaro de Mendaña) Solomon Islands
62%
Land area is 70 square miles Marshall Islands
54%
Announced it would be withdrawing from the Pacific Islands Forum Marshall Islands
54%
First visited by the Portuguese (Ferdinand Magellan) Marshall Islands
46%
One of the first countries to recognize the Republic of China (Taiwan) Solomon Islands
46%
Atolls and islands form two groups: the Ratak (sunrise) and the Ralik (sunset) Marshall Islands
38%
Has an island named for John F. Kennedy Solomon Islands
38%
No matching quizzes found
Score Distribution
Percent of People with Each Score
Percentile by Number Answered
Your Score History
You have not taken this quiz